| 000 | 01449nam0a2200361 4500 | ||
|---|---|---|---|
| 001 | RU\NLR\bibl\206411 | ||
| 005 | 20250619095335.0 | ||
| 010 |
_a5-17-004771-1 _920000 |
||
| 021 |
_aRU _b2001-31091 _91483 |
||
| 035 | _a(NLR Aleph) 000202657 | ||
| 090 |
_a1174771 _c1174771 |
||
| 100 | _a20011114d2001 |||y0rusy50 ca | ||
| 101 | 0 | _arus | |
| 102 | _aRU | ||
| 105 | _aa ||||||||| | ||
| 200 | 1 |
_aЯ познаю мир. Страны и континенты _eАфрика. Сев. Америка. Юж. Америка. Австралия и Океания. Антарктида _e[Энцикл. _eДля детей _fА. Г. Шемарин] |
|
| 210 |
_aпос. Агинское (Чит. обл.) _aБалашиха _cАСТ _cАстрель _d2001 |
||
| 215 |
_a447 с. _cцв. ил., карты _d27 |
||
| 320 | _aУказ. геогр. назв., имен.: с. 407-442 | ||
| 610 | 0 | _aЗарубежные страны - Энциклопедии детские (д. л.) | |
| 610 | 0 | _aДетские энциклопедии (д. л.) | |
| 675 |
_a087.5:91(031) _v3 _zrus |
||
| 686 |
_a26.8я2 _2rubbk |
||
| 686 |
_aШ9 _bД890 |
||
| 701 | 1 |
_4070 _aШемарин _bА. Г. _gАндрей Геннадьевич _9138143 _3RU\NLR\AUTH\770138178 |
|
| 801 | 0 |
_aRU _bRKP _c20011114 _gPSBO |
|
| 801 | 1 |
_aRU _bRKP _c20011114 |
|
| 801 | 2 |
_aRU _bNLR _c20020813 _grcr |
|
| 942 | _cBOOK | ||
| 980 | _aNB | ||